000 00780cam a22002533a 4500
001 17945
003 PGUSA
005 20140828083401.0
008 060308s2006||||xxu|||||s|||||000 | eng d
040 _aPGUSA
_beng
042 _adc
050 4 _aPS
100 1 _aTwain, Mark,
_d1835-1910
245 1 0 _aMark Twain :
_bTri Noveloj
_h[electronic resource] /
_cMark Twain
260 _bProject Gutenberg,
_c2006
505 0 _aKonfeso de Mortanto -- La Fifama Saltanta Rano de Kalavero-Konteo -- La Rakonto pri la Malbonkonduta Knabeto
506 _aPublic domain in the USA.
516 _aElectronic text
653 _aShort stories
700 1 _aGrobe, Edwin,
_d1927-
830 0 _aProject Gutenberg
_v17945
856 4 0 _uhttp://www.gutenberg.org/ebooks/17945
942 _cEB
999 _c247200
_d247200